Quizzes
Events
Quiz Creation
Community
Videos
Private Events
Remove Ads
Sign In
Join for FREE
Feedback
Dark Mode
Quiz Categories
Sports
Geography
Music
Movies
Television
Just For Fun
Miscellaneous
History
Literature
Language
Science
Gaming
Entertainment
Religion
Holiday
For Kids
Quiz Lab
Recent
Popular Today
Quiz Kudos Today
Editor Picks
Curator Picks
Quizzes by...
Day
Popularity
Type
Ratings
Length
Year
Community
Subscriptions
Recent Discussions
Orange Saloon
Badges
Playlists
Quests
Create
Leaderboards
Showdown
Live 5
Trivia Bingo
Activity
Puzzle Library
Sporcle Events
Private Events
Virtual Trivia
Globe League
Become a Host
Pub Owners
SporcleCon
Opinionation
Our Games
Videos
Blog
Mobile Apps
Partnerships
Remove Ads and Go Orange
Feedback
Language
Vocabulary
Begins and Ends
Definition
Spanish
French
German
Italian
Chinese
Latin
Translation
Japanese
Language
Vocabulary
Begins and Ends
Definition
Spanish
French
German
Italian
Chinese
Latin
Translation
Japanese
Random Quiz
Search Sporcle
×
Quiz Lab
Quiz Lab
Language
Definition
Type in answers that appear in a list
Type in answers that appear in a list
Classic
Best Score? Go Orange.
Male Names With Different Meanings Stats
Can you name the male first names with different meanings?
By
TheTreyPouch
7m
50 Questions
18 Plays
18 Plays
18 Plays
Comments
Comments
Give Quiz Kudos
Give Quiz Kudos
-
- Ratings
hide this ad
Random Order
Randomize order of answers
Randomize order of answers
Replay
Link that replays current quiz
Next Quiz
Link to next quiz in quiz playlist
You Got
0%
They Got
Avg Score
36%
Avg Friend Score
Upgrade to see
Score Distribution
Jump to the score distribution portion of the page
Score
0/50
Timer
07:00
0
Plays Today
Definition
Word and Name
% Correct
a male cat
Tom
83.3%
vulgar slang for a man's genitalia
Dick/Peter
83.3%
a toilet
John
72.2%
a builder or worker in stone
Mason
66.7%
take property unlawfully from a person or place by force or threat of force
Rob
66.7%
a person who browns animal hides, esp. to earn a living
Tanner
66.7%
make a quick short movement up and down
Bob
61.1%
alternate spelling of abbreviation of the word microphone
Mike
61.1%
an ordinary man
Joe
61.1%
the head of a college or university faculty or department
Dean
61.1%
a young marsupial
Joey
55.6%
a British nobleman ranking above a viscount and below a marquess
Earl
50%
informal term for a man
Guy
50%
a person who defeats an enemy or opponent in a battle, game, or other competition
Victor
50%
a covered boxlike motor vehicle, typically having a rear door and sliding doors on the side panels, used for transporting goods or people
Van
44.4%
each of the lines in which light (and heat) may seem to stream from the sun or any luminous body, or pass through a small opening
Ray
44.4%
a steep rock face, esp. at the edge of the sea
Cliff
44.4%
something that is usual, typical, or standard
Norm
44.4%
make (a visible impression or stain) on
Mark
44.4%
plural for a unit of linear measure equal to 5,280 feet, or 1,760 yards (approximately 1.609 kilometers)
Miles
44.4%
money owed for goods supplied or services rendered
Bill
38.9%
the faculty by which a person decides on an initiates action
Will
38.9%
a small cut or notch
Nick
38.9%
open, honest, and direct in speech or writing
Frank
38.9%
a compact knoblike growth on a plant that develops into a leaf, flower, or shoot
Bud
38.9%
Definition
Word and Name
% Correct
the system of rules that a particular country or community recognizes as regulating the actions of its members and may enforce by the imposition of penalties
Law
38.9%
a wrestling hold in which one arm is passed under the opponent's arm from behind and the hand is applied to the neck or both arms and hands are applied
Nelson
38.9%
slang for taking something illicitly
Jack
33.3%
a maker or repairer of casks and barrels
Cooper
33.3%
a bird of the crow family with boldly patterned plumage, typically having blue feathers in the wings or tail
Jay
33.3%
shelter from wind or weather given by a neighboring object
Lee
27.8%
vomit
Ralph
27.8%
Scottish terminology for a high mountain or mountain peak
Ben
22.2%
sexually aroused or excited
Randy
22.2%
persistently carry out attacks on (an enemy or an enemy's territory)
Harry
22.2%
the expression or application of human creative skill and imagination
Art
22.2%
a coil or skein of yarn, hair, rope, or other material
Hank
16.7%
any of ten degrees of advanced proficiency in judo or karate
Dan
16.7%
informal for all right; satisfactory
Jake
16.7%
a narrow valley
Glen
16.7%
a stack of hay, corn, straw, or similar material
Rick
11.1%
as great, high, or intense as possible or permitted, shortened variant
Max
11.1%
turn over and spread out (grass, hay, or straw) to dry or for bedding
Ted
11.1%
the SI unit of inductance, equal to an electromotive force of one volt in a closed circuit with a uniform rate of change of current of one ampere per second
Henry
11.1%
exhaust; wear out
Tucker
5.6%
denoting unbolted wholewheat flour, or cookies or bread made from this.
Graham
5.6%
a swift-
flying, insectivorous songbird of the swallow family, typically having a less strongly forked tail than a swallow
Martin
5.6%
an animal of a small, hardy breed of Irish cattle
Dexter
0%
used as a mildly disrespectful or humorous form of address, esp. to a man or boy
Buster
0%
a short, close-
fitting jacket, worn by women and children in the early 19th century
Spencer
0%
Quiz Playlist
Details
Report
Send in Message
Add To Playlist
Classic:
Type in answers that appear in a list
Random Order:
Randomize order of answers
Last Updated: Feb 16, 2017
Quiz Scoreboard
CHALLENGE
Sign Up to Join the Scoreboard
Show All
Scores
Hide
Comments
May contain spoilers
Recently Published
Movies - When Are They Set?
by FPL_Elf
Movies
5m
Popular People in 1961
by mucciniale
History
6m
1-10 Letter E Words III
by El_Dandy
Language
2m
More to Explore
Quiz From the Vault
Featured Blog Post
Where Did the Easter Bunny Come From?
hide this ad
You Might Also Like...
Tags
Definition Quiz
Different
male
Today's Top Quizzes in Language
Browse Language
hide this ad
Today's Top Quizzes in Definition
Browse Definition
Top Contributed Quizzes in Language
1
Order Up: Top 10 Most Native Spoken Languages
2
1-10 Letter F Words III
3
1-10 Letter G Words III
4
1-10 Letter H Words III
5
1-10 Letter I Words III
6
One Thing in Common: Italy
7
1-10 Letter J Words III
8
Weisst du, aus welchen Sprachen diese Wörter stammen?
9
Hiragana Speed Reading
10
Begins and Ends With AN
Explore More
Trending Topics
Kpop
Crossword
Anime
Disney
Marvel
NBA
Harry Potter
The Office
Soccer
Puzzle
Country
Song
NFL
Pokémon
WWE
hide this ad
More By:
TheTreyPouch
Quiz
Plays
Rating
Category
Featured
Created
Most-Appearing Looney Tunes Minefield
1,548
3.25
Entertainment
Feb 23, 2014
Guess Big Brother 15 Order of Eviction
440
3.00
Entertainment
Sep 22, 2013
101 Commonly Known Animals Without Hints
412
1.91
Entertainment
Feb 24, 2013
Gaslight Anthem Song Titles
391
Music
Mar 19, 2016
Eminem Vulgarity Fill-in-the-Blank 2
362
2.00
Music
Jan 2, 2015
Go to Creator's Profile
Score Distribution
Quiz Creator Spotlight
TheTreyPouch
Follow
Send a Message
Quizzes Created
-
Created Quiz Play Count
-
More By This Creator
Popular Quizzes Today
1
Find the Countries of Europe - No Outlines Minefield
2
Find the US States - No Outlines Minefield
3
The Countries of the World
4
Popular People in 1961
5
1-10 Letter E Words III
6
US States
7
Find the US States
8
One Thing in Common: World Cities II
More Language Quizzes
Passover Anagrams
Curator's Pick
Trending Quizzes
Risky Map Clicking: Least Populous States A-Z
Humor Books: The Subtitles
1-10 Letter F Words
1-10 Letter G Words
One Thing in Common: United Kingdom
Recently Updated
Leaping Animals
pecheneg
Reality TV Shows (A-Z)
bhenderson79
Rickey Henderson's Hall of Fame Teammates
pecheneg
Champions League XIs: Arsenal
pecheneg
Quick Pick: Celebrities in WWE's Hall of Fame
aduchscher
A-Z Keypad Blitz II
pecheneg
Multiple Oscar Actors
pecheneg
Mystery Phrase Blitz: Oscar 'Best Actors'
pecheneg
F. Scott Fitzgerald Novels
LTH
Pick 3 Villains
ddd62291
Trending Topics
Crossword
Marvel
NBA
Harry Potter
Anime
Kpop
Disney
Puzzle
The Office
Song
Pokémon
Soccer
NFL
WWE
Country
Your Account Isn't Verified!
In order to create a playlist on Sporcle, you need to verify the email address you used during registration. Go to your
Sporcle Settings
to finish the process.
Report this User
Report this user for behavior that violates our
Community Guidelines
.
Details:
Send Report
Go to the Sporcle.com Mobile Site →
Comments